00414nam a2200169 a 45000010005000000030009000050080041000140200015000550400028000700820015000981000016001132450033001292500007001622600039001693000015002086500021002236584CO-ViMGA141112s2004 ck r 000 u spa d a8425214351 aCO-ViMGAbspacCO-ViMGA04a760.2 S8151 aSwann, Alan10aCómo diseñar retículas a2a aBarcelona : bGustavo Gili, c1993 a144 p : il14aDISEÑO GRAFICO